000 00649nam a2200217 i 4500
001 88258
003 ES-MaACL
005 20230906175828.0
007 t|
008 050103s1984 sp ||||1| spa d
100 1 _aLaín Entralgo, Pedro,
_d1908-2001
_969681
245 1 3 _aLa espera y la esperanza
_b: historia y teoría del esperar humano /
_cPedro Laín Entralgo.
250 _a[2ª ed.].
260 _aMadrid :
_bAlianza,
_c[1984]
300 _a611 p. ;
_c20 cm.
490 1 _aAlianza universidad
650 4 _aEsperanza.
_9163731
830 0 _aAlianza universidad
_9177276
852 _aES-MaACL
_jL-7842
_bR.107079
999 _c88258
_d88258